| 000 | 00551nam a2200169 i 4500 | ||
|---|---|---|---|
| 001 | 61853 | ||
| 003 | ES-MaACL | ||
| 005 | 20230906164545.0 | ||
| 007 | t| | ||
| 008 | 031114s1965 sp ||||1| spa d | ||
| 100 | 1 |
_aFattinger, J. _948933 |
|
| 245 | 1 | 0 |
_aTérmino y camino _b: pláticas catequéticas según el catecismo católico / _cJ. Fattinger ; [versión castellana de Daniel Ruiz Bueno]. |
| 260 |
_aBarcelona : _bHerder, _c1965. |
||
| 300 |
_a387 p. ; _c22 cm. |
||
| 700 | 1 |
_aRuiz Bueno, Daniel. _9100677 |
|
| 852 |
_aES-MaACL _jC-28045 _bR.57471 |
||
| 999 |
_c61853 _d61853 |
||